000 00650nam a2200241Ia 4500
003 OSt
005 20221005124007.0
006 a|||||r|||| 00| 0
007 ta
008 221004b |||||||| |||| 00| 0 eng d
024 _a30313
037 _cTextual
040 _aCRL
_cCRL
_beng
041 _2eng
_aeng
082 _aM13, F1.5
100 _aBearce George D,etc
_9634541
245 0 _aManufacture of pulp and paper
_b a textbook of modern pulp and paper mill practice
250 _a3rd
260 _c1921
650 _aINDUSTRIAL ARTS
942 _hM13, F1.5
_cTEXL
_2cc
999 _c1049135
_d1049135